Statistics for Founder of Companies

Click here to take the quiz!

General Stats

  • This quiz has been taken 30 times
  • The average score is 9 of 20

Answer Stats

FounderCompany% Correct
Steve JobsApple
100%
Bill GatesMicrosoft
100%
Karl BenzMercedes-Benz
82%
Larry Page/Sergey BrinGoogle
68%
Elon MuskTesla Motors, Paypal
68%
Sam WaltonWalmart
68%
Jeff BezosAmazon
64%
Ray KrocMcDonalds
64%
Richard BransonVirgin
55%
Ingvar KampradIKEA
50%
Harland SandersKFC
41%
Dave ThomasWendy's
41%
Asa Griggs CandlerCoca-Cola
36%
Phil KnightNike
36%
Jack DorseyTwitter
23%
Reed HastingsNetflix
14%
Jimmy WalesWikipedia
14%
Fasajiro YamauchiNintendo
9%
Daniel EkSpotify
5%
Tom AndersonMyspace
0%

Score Distribution

Percentile by Number Answered

Percent of People with Each Score

Your Score History

You have not taken this quiz